| 000 | 01164cam a2200313 4500 | ||
|---|---|---|---|
| 001 | 1246202 | ||
| 003 | OSt | ||
| 005 | 20110722090635.0 | ||
| 008 | 720327s1971 enk s 001 0 eng | ||
| 010 | _a 72176624 | ||
| 015 | _aB71-11574 | ||
| 020 | _a0043010326 | ||
| 040 |
_aDLC _cDLC _dDLC |
||
| 043 | _ae-uk-en | ||
| 050 | 0 | 0 |
_aHV9348.L6 _bB36 |
| 082 | 0 | 0 | _a364.8 BAR |
| 100 | 1 |
_aBarr, Hugh. _92083 |
|
| 245 | 1 | 0 |
_aVolunteers in prison after-care: _bthe report of the Teamwork Associates Pilot Project; _cwith a foreword by Sir Leon Radzinowicz. |
| 260 |
_aLondon, _bAllen and Unwin, _c1971. |
||
| 300 |
_a3-167 p. _c23 cm. |
||
| 350 | _a£2.75 | ||
| 490 | 1 | _aNational Institute for Social Work Training series, no. 20 [i.e. no. 21] | |
| 650 | 0 |
_aVolunteer workers in corrections _zEngland _zLondon. _92084 |
|
| 650 | 0 |
_aProbation _zEngland _zLondon. _92085 |
|
| 830 | 0 |
_aNational Institute for Social Work Training series, _vno. 21. _92086 |
|
| 906 |
_a7 _bcbc _corignew _d3 _encip _f19 _gy-gencatlg |
||
| 942 |
_2ddc _cBK |
||
| 999 |
_c762 _d762 |
||